000 00856nam a22002897a 4500
001 8624
003 FISKH
005 20251009151520.0
008 251007b cb ||||| |||| 00| 0 eng d
020 _a0516238914
040 _aFISKH
_beng
_cFISKH
_dFISKH
050 _aPZ73 .M497
082 _a460
100 _aMiller, Sara Swan
_eAuthor
245 _aCat in the bag /
_cBy Sara Swan Miller ; Benton Mahan
260 _aNew York :
_bScholastic ,
_c2001
300 _a31 pages :
_bcolor illustrations ;
_c18 cm
505 _aE
520 _aA child tries to pack for a trip, but the cat keeps jumping into the suitcase.
521 8 _a300
_bLexile
521 8 _aE
_bRaz-Plus
650 _aBeginning readers
_vChildren
650 _aTrip
_vClassic books
700 _aMahan, Benton
_eIllustrator
942 _2ddc
_cBK
_n0
999 _c8624
_d8624